Multiple Choice City Quiz – Port Moresby - Statistics

General Stats
  • This quiz has been taken 32 times
  • The average score is 4 of 10
Answer Stats
Question Answer % Correct
Port Moresby hosted an event for APEC in 2018. What does APEC stand for? Asia-Pacific Economic Cooperation
85%
Port Moresby Nature Park includes a trail for which marsupial? Tree kangaroo
70%
Port Moresby has the highest what in Oceania? Crime rate
63%
Port Moresby hosted which sporting event in 2015? Pacific Games
63%
Port Moresby was captured by what country in WWII Port Moresby was not captured
33%
Which of these contains a bilum?
30%
Port Moresby is located on what peninsula? Papuan
30%
Which of these Hanuabada (a Moresby stilt village) statements is FALSE? There is a Michelin star restaurant here
26%
What are PMVs used for? Travel
26%
How far can you drive from Port Moresby? To the next province
19%
No matching quizzes found
Score Distribution
Percent of People with Each Score
Percentile by Number Answered
Your Score History
You have not taken this quiz